00389nam a2200157Ia 4500008004100000082001100041100003700052245001500089250000600104260000900110300000800119600003700127630001500164700003700179730001500216090124s9999 xx 000 0 und d b119103 aआचार्य नयना. a तलफ a1 c1982 a166 aआचार्य नयना. a तलफ aआचार्य नयना. a तलफ